Kashmir : (Record no. 129716)

MARC details
000 -LEADER
fixed length control field 00740nam a22002177a 4500
005 - DATE AND TIME OF LATEST TRANSACTION
control field 20170124110101.0
010 ## - LIBRARY OF CONGRESS CONTROL NUMBER
LC control number B-079012
020 ## - INTERNATIONAL STANDARD BOOK NUMBER
Terms of availability 500.00
035 ## - SYSTEM CONTROL NUMBER
System control number B-079012
037 ## - SOURCE OF ACQUISITION
Source of stock number/acquisition Cen Lib/Ret
040 ## - CATALOGING SOURCE
Original cataloging agency DPL
Language of cataloging EN
082 ## - DEWEY DECIMAL CLASSIFICATION NUMBER
Classification number 954.11
Item number KAU
100 ## - MAIN ENTRY--PERSONAL NAME
Personal name Kaul, Pyarelal
9 (RLIN) 27192
245 ## - TITLE STATEMENT
Title Kashmir :
Statement of responsibility, etc by Pyarelal Kaul
Remainder of title war or peace /
260 ## - PUBLICATION, DISTRIBUTION, ETC. (IMPRINT)
Name of publisher, distributor, etc Suman Publications
Place of publication, distribution, etc New Delhi
270 ## - ADDRESS
Address Top Floor, Samachar Post Chambers,50-C,Main Road, Preet Vihar
City New Delhi
Postal code 110092
300 ## - PHYSICAL DESCRIPTION
Extent 287p. :
Dimensions 23cm(Hb)
Other physical details ill.
650 ## - SUBJECT ADDED ENTRY--TOPICAL TERM
Topical term or geographic name as entry element India -- Foreign relations -- Pakistan
9 (RLIN) 8255
650 ## - SUBJECT ADDED ENTRY--TOPICAL TERM
Topical term or geographic name as entry element Jammu and Kashmir (India) -- Politics and government -- 20th century
9 (RLIN) 27193
942 ## - ADDED ENTRY ELEMENTS (KOHA)
Source of classification or shelving scheme Dewey Decimal Classification
Koha item type English Books
Classification part 954.11
Call number suffix KAU
Holdings
Withdrawn status Lost status Damaged status Not for loan Home library Current library Date acquired Source of acquisition Cost, normal purchase price Total Checkouts Full call number Barcode Date last seen Date checked out Copy number Cost, replacement price Price effective from Koha item type
        Central Library Central Library 07/07/2015 Cen Lib/Ret 500.00 2 954.11 KAU B-079012 11/10/2022 28/09/2022 1 500.00 07/07/2015 English Books

© Delhi Public Library
Hit Counter
free hit counter